Editor zdrojových programov v stave ich zdieľania

Gespeichert in:
Bibliographische Detailangaben
1. Verfasser: Šupina, Peter (Verfasst von)
Weitere Verfasser: Šimáková, Valéria, 1942- (xxx)
Format: Manuskript Buch
Sprache:Slowakisch
Veröffentlicht: Bratislava : STU v Bratislave FIIT, 2006
Schlagworte:
Tags: Tag hinzufügen
Keine Tags, Fügen Sie das erste Tag hinzu!

MARC

LEADER 00000ntm a22000003a 4500
001 stu140466
005 20160720142918.7
008 070425s2006----xo------------------slo-d
040 |a STU  |b slo 
041 0 |a slo 
044 |a xo 
100 1 |a Šupina, Peter  |4 aut 
245 1 |a Editor zdrojových programov v stave ich zdieľania 
260 |a Bratislava :  |b STU v Bratislave FIIT,  |c 2006 
300 |a 21 s  |c príl. 
650 7 |a softvérové inžinierstvo  |2 stusub 
700 1 |a Šimáková, Valéria,  |d 1942-  |4 xxx  |u I200  |U FIIT Fakulta informatiky a informačných technológií  |T FIIT Ústav informatiky a softvérového inžinierstva  |X 4253  |U I200  |Y 179  |7 A000004253 
996 |b IZP87/06  |c I*ZP87/06  |l II680  |s A  |a 24  |w stu140466_0001